00992 2200325 4500001002100000005001500021035002000036008004100056020002200097041000700119082000800126090001400134100001800148245003200166260004500198300002500243084001400268990003200282990003200314990003200346990003200378990003200410990003200442990003200474990003200506990003200538990003200570990003200602990003200634INLIS00000000003243920260415100538 a0010-1224032439260415 d 1 ind  a978-623-310-028-1 aid a813 a813 AYU d0 aAYU NUGRAHENI1 a2,578.0 Km /cAYU NUGRAHENI aJakarta :bLoveable x Bhumi Anoma,c2023 a308 halaman ;c19 cm a813 AYU d a1.3.5.01.001.001.012.001351 a1.3.5.01.001.001.012.001315 a1.3.5.01.001.001.012.001290 a1.3.5.01.001.001.012.001321 a1.3.5.01.001.001.012.001296 a1.3.5.01.001.001.012.001333 a1.3.5.01.001.001.012.001339 a1.3.5.01.001.001.012.001303 a1.3.5.01.001.001.012.001327 a1.3.5.01.001.001.012.001284 a1.3.5.01.001.001.012.001309 a1.3.5.01.001.001.012.001345